| 000 | 00795nam a2200253Ia 4500 | ||
|---|---|---|---|
| 999 |
_c55502 _d55502 |
||
| 001 | 22584 | ||
| 003 | GE_BSU | ||
| 005 | 20230330162636.0 | ||
| 008 | 181216s ||||-ge|||||||||||||| ||ger|| | ||
| 020 | _a9783195119016 | ||
| 040 | _cGE_BSU | ||
| 041 | _ager | ||
| 080 | _a811.112.1 G-51 | ||
| 100 |
_aGlas-Peters, Sabine _916347 |
||
| 245 |
_aMenschen A1/2 : _bDeutsch als Fremdsprache Arbeitsbuch / _cSabine Glas-Peters,Angela Pude, Monika Reimann. |
||
| 264 |
_aMunchen : _bHueber Verlag, _c2012. |
||
| 300 |
_a108 p.; _bill, _c29 cm. _e+1CD-Rom. A1.2 |
||
| 541 | _h42gel | ||
| 653 | _aMenschen A1/2.Deutsch als Fremdsprache Arbeitsbuch | ||
| 653 | _aგერმანული ენა | ||
| 700 |
_aPude, Angela _eby _917387 |
||
| 700 |
_aReimann, Monika _eby _917388 |
||
| 942 |
_cBK _2udc |
||